000 00368nam a2200157Ia 4500
005 20250603145038.0
008 250603s9999 xx 000 0 und d
020 _a0- 13- 031566- 4
050 _aJK274.G66
100 _aJames Macgregor Burns
245 0 _aGovernment by the people
260 _bPrentice- Hall
260 _c2002
300 _a511 p
942 _cBK
999 _c40709
_d40709